MDQL
is popping MORE tags! Check the
thread
!
Quizzes
Events
Quiz Creation
Community
Videos
Private Events
Remove Ads
Sign In
Join for FREE
Feedback
Dark Mode
Quiz Categories
Sports
Geography
Music
Movies
Television
Just For Fun
Miscellaneous
History
Literature
Language
Science
Gaming
Entertainment
Religion
Holiday
For Kids
Quiz Lab
Recent
Popular Today
Quiz Kudos Today
Editor Picks
Curator Picks
Quizzes by...
Day
Popularity
Type
Ratings
Length
Year
Community
Subscriptions
Recent Discussions
Orange Saloon
Badges
Playlists
Quests
Create
Leaderboards
Showdown
Live 5
Trivia Bingo
Activity
Puzzle Library
Sporcle Events
Private Events
Virtual Trivia
Globe League
Become a Host
Pub Owners
SporcleCon
Opinionation
Our Games
Videos
Blog
Mobile Apps
Partnerships
Remove Ads and Go Orange
Feedback
Sports
Athletes
MLB
NBA
NHL
NFL
Soccer
Sports Teams
WWE
NCAA
Football
Premier League
Basketball
Baseball
Hockey
Golf
Tennis
Cricket
Rugby
Auto Racing
Olympics
World Cup
Sports
Athletes
MLB
NBA
NHL
NFL
Soccer
Sports Teams
WWE
NCAA
Football
Premier League
Basketball
Baseball
Hockey
Golf
Tennis
Cricket
Rugby
Auto Racing
Olympics
World Cup
Random Quiz
Search Sporcle
×
Quiz Lab
Quiz Lab
Sports
MLB
Type in answers that appear in a list
Type in answers that appear in a list
Classic
Best Score? Go Orange.
Highest World Series Winning Percentages Stats
Can you name the teams with the highest percentage of World Series wins (minimum of 5 appearances)?
By
jimmydoom
2m
16 Questions
23 Plays
23 Plays
23 Plays
Comments
Comments
Give Quiz Kudos
Give Quiz Kudos
-
- Ratings
hide this ad
More Info
Forced Order
Answers have to be entered in order
Answers have to be entered in order
Replay
Link that replays current quiz
Next Quiz
Link to next quiz in quiz playlist
You Got
0%
They Got
Avg Score
40%
Avg Friend Score
Upgrade to see
Score Distribution
Jump to the score distribution portion of the page
Score
0/16
Timer
02:00
0
Plays Today
Pct.
Team
% Correct
.675
New York Yankees
100%
.714
Pittsburgh Pirates
69.6%
.643
Phi/KC/Oakland A's
60.9%
.636
Boston Red Sox
56.5%
.588
St. Louis Cardinals
47.8%
.556
Cincinatti Reds
47.8%
.200
Chicago Cubs
43.5%
.600
Chicago White Sox
39.1%
Pct.
Team
% Correct
.333 (3-
6)
Boston/Mil./Atlanta Braves
34.8%
.500
Washington Senators/Minnesota Twins
26.1%
.429
St. Louis/Baltimore Orioles
21.7%
.400 (4-
6)
Detroit Tigers
21.7%
.285
Philadelphia Phillies
21.7%
.333 (6-
12)
New York/San Francisco Giants
21.7%
.333 (6-
12)
Brooklyn/L.A. Dodgers
21.7%
.400 (2-
3)
Cleveland Indians
17.4%
Quiz Playlist
Details
Report
Send in Message
Add To Playlist
More Info:
*This is NOT for GAMES won/lost in the World Series, this is for SERIES won/lost.
Classic:
Type in answers that appear in a list
Forced Order:
Answers have to be entered in order
Last Updated: Feb 16, 2017
Quiz Scoreboard
CHALLENGE
Sign Up to Join the Scoreboard
Show All
Scores
Hide
Comments
May contain spoilers
Recently Published
Colored Red Africa Blitz
by spor1
Geography
30s
Find the 'City' Movie
by crazypaving
Movies
60s
5x2 Blitz: Bands
by SL_Kpop136
Music
30s
More to Explore
Quiz From the Vault
Featured Blog Post
14 Easter Pick-up Lines to Find Eggs With
hide this ad
You Might Also Like...
Tags
Baseball Quiz
MLB Quiz
Percentage
Percentage Leaders
World Series
Today's Top Quizzes in Sports
Browse Sports
hide this ad
Today's Top Quizzes in MLB
Browse MLB
Top Contributed Quizzes in Sports
1
Les meilleurs buteurs des matchs entre le PSG et l’OM
2
Les entraîneurs de l'OM et du PSG au 21e siècle
3
Les joueurs passés par le PSG et l'OM
4
2022 World Cup Stars
5
Players with Multiple 50 Home Run Seasons
6
Criteria MLB: Left Handed Sluggers
7
MLB Players with Two .350 Batting Average Seasons
8
Les joueurs passés par le LOSC et le RC Lens
9
NBA Logic Puzzle 2.0
10
Top 10 NHL Goal Scorers of All Time
Explore More
Trending Topics
Kpop
Crossword
NBA
Disney
Marvel
Harry Potter
Anime
WWE
Soccer
Pokémon
The Office
Song
Country
Puzzle
NFL
hide this ad
More By:
jimmydoom
Quiz
Plays
Rating
Category
Featured
Created
Metallica Who Wants to Be a Millionaire
82,587
2.83
Music
Jan 5, 2012
WWF/WWE WrestleMania All-Time Stats and Facts
10,412
4.06
Sports
Dec 5, 2011
Chrono Trigger Who Wants to Be a Millionaire
8,857
3.92
Gaming
Jan 3, 2012
WWF/WWE SummerSlam All-Time Stats and Facts
7,431
4.14
Sports
Dec 6, 2011
WWF/WWE Every Wrestler in Every Survivor Series Title Match
5,432
3.76
Sports
Dec 7, 2011
Go to Creator's Profile
Score Distribution
Quiz Creator Spotlight
jimmydoom
Follow
Send a Message
Quizzes Created
-
Created Quiz Play Count
-
More By This Creator
Popular Quizzes Today
1
Colored Red Africa Blitz
2
Find the US States - No Outlines Minefield
3
Find the 'City' Movie
4
5x2 Blitz: Bands
5
The Countries of the World
6
Find the US States
7
Find the Countries of Europe - No Outlines Minefield
8
US States
More Sports Quizzes
Snooker Ranking Event Winners in the 2010s
Quiz Lab
Trending Quizzes
Colored Red Europe Blitz I
Colored Red Europe Blitz II
Colored Red Africa Blitz II
Colored Red Europe Blitz III
Colored Red Africa Blitz III
Recently Updated
How Do You Spell That?
pecheneg
Godzilla Movies
pecheneg
Grab Bag: 4-10 Letters
pecheneg
2024 March Madness Bracket
pecheneg
Famous TV Couples
Peacemaker
Champions League XIs: Real Madrid
pecheneg
Largest US Cities 1790-2010
pecheneg
Rides in Walt Disney World
pecheneg
Most Oscar Losses (Acting)
pecheneg
Beyoncé Albums
pecheneg
Trending Topics
Disney
Anime
Marvel
Crossword
NBA
Harry Potter
Kpop
WWE
Country
Pokémon
Puzzle
Song
The Office
NFL
Soccer
Your Account Isn't Verified!
In order to create a playlist on Sporcle, you need to verify the email address you used during registration. Go to your
Sporcle Settings
to finish the process.
Report this User
Report this user for behavior that violates our
Community Guidelines
.
Details:
Send Report
Go to the Sporcle.com Mobile Site →
Comments